| 000 | 01005nam a22002657a 4500 | ||
|---|---|---|---|
| 003 | EG-ScBUE | ||
| 005 | 20221012093606.0 | ||
| 008 | 150407r20082002enka f b 000 0 eng d | ||
| 020 | _a9780700714384 | ||
| 040 |
_aEG-ScBUE _beng _erda _cEG-ScBUE _dEG-ScBUE |
||
| 082 | 0 | 4 |
_222 _a720.917671 _bUND |
| 245 | 0 | 0 |
_aUnderstanding Islamic architecture / _cedited by Attilio Petruccioli and Khalil K. Pirani ; with a foreword by Oleg Grabar. |
| 250 | _aReprinted edition. | ||
| 264 | 1 |
_aOxon ; _aNew York : _bRoutledge Curzon, _c2008. |
|
| 300 |
_axiii, 134 pages : _billustrations ; _c28 cm |
||
| 500 | _aReprint of the 2002 edition. | ||
| 504 | _aIncludes bibliographical references. | ||
| 650 | 7 |
_911604 _aIslamic architecture. _2BUEsh |
|
| 653 |
_bENGARC _cApril2015 |
||
| 655 | _vReading book | ||
| 700 | 1 |
_aPetruccioli, Attilio, _937602 _d1945- _eeditor. |
|
| 700 | 1 |
_aPirani, Khalil K., _937603 _eeditor. |
|
| 700 | 1 |
_aGrabar, Oleg, _937605 _eauthor of introduction, etc. |
|
| 942 |
_2ddc _k720.917671 UND _cBB |
||
| 999 |
_c19173 _d19145 |
||